Introduction to quantum mechanics with applications to chemistry

Guardado en:
Detalles Bibliográficos
Autores principales: Pauling, Linus (Autor), Wilson, E. Bright (Autor)
Formato: Libro
Lenguaje:inglés
Publicado: Nueva York Dover 1985
Edición:1a. ed
Materias:
Etiquetas: Agregar Etiqueta
Sin Etiquetas, Sea el primero en etiquetar este registro!

MARC

LEADER 00000nam a2200000 a 4500
001 UCL9838
003 CL-VaPUC
008 040827e19850000us |||||||||||||||||eng|d
020 |a 0486648710 
082 0 4 |a 530.12  |b PAU  |2 21 
100 |a Pauling, Linus  |e author  |9 487754 
700 0 |a Wilson, E. Bright  |e author  |9 487755 
245 1 0 |a Introduction to quantum mechanics with applications to chemistry 
250 |a 1a. ed 
300 |a 468 p 
942 |c BK 
945 |d 20040827 00:00:00  |a cmena 
260 |a Nueva York  |b Dover  |c 1985 
650 0 |a Mecánica cuántica  |9 306806 
650 0 |a Teoría cuántica  |9 266148 
650 0 |a Átomos  |9 259583 
650 7 |a FISICA NUCLEAR  |2 CL-VaPUC  |9 270366 
650 0 |a Química  |9 259896 
583 |a last modification  |c 20150504 05:03:04  |k Rodrigo Vera 
999 |c 310481  |d 310479 
952 |0 0  |1 0  |4 0  |6 530_120000000000000_PAU_1985  |7 0  |8 A  |9 378997  |a BIBCUR  |b BIBCUR  |d 2019-11-21  |i 4055195  |o 530.12 PAU 1985  |p 4055195  |r 2025-04-22  |w 2019-11-21  |y BK  |k FIS